000
00229 a2200121 4500
020
_a
9781840590753
041
_a
spa
100
_a
McKee, David
245
_a
Elmers Friends
500
_a
Portuguese
942
_c
BK
952
_7
4
999
_c
19872
_d
19872